[Event "Wch U10"]
[Site "Montesilvano"]
[Date "2024.11.20"]
[Round "6"]
[White "Li, Weilong"]
[Black "Wang, Rocky"]
[Result "1-0"]
[WhiteElo "1735"]
[BlackElo "1853"]
[PlyCount "114"]
[EventDate "2024.11.15"]
[EventType "swiss"]
[EventRounds "11"]
[EventCountry "ITA"]
[SourceTitle "CB48_2024"]
[SourceDate "2024.11.28"]
[SourceVersion "1"]
[SourceVersionDate "2024.11.28"]
[SourceQuality "1"]

1. e4 e5 2. Nf3 Nc6 3. Bc4 Nf6 4. d3 d5 5. exd5 Nxd5 6. 0-0 Bg4 7. Re1 Qd6 8. h3 Bh5 9. Nbd2 0-0-0 10. Ne4 Qd7 11. Ng3 Bxf3 12. Qxf3 Nd4 13. Qd1 Nb6 14. Bb3 f6 15. Be3 Kb8 16. Ne2 Bc5 17. Nxd4 Bxd4 18. c3 Bxe3 19. Rxe3 Nd5 20. Rf3 a6 21. Qc2 Rhe8 22. Re1 Qd6 23. Bxd5 Qxd5 24. Rfe3 Rg8 25. Qa4 g5 26. d4 exd4 27. Rd3 Qd7 28. Qd1 c5 29. cxd4 cxd4 30. Re4 Qc7 31. Rdxd4 Rxd4 32. Rxd4 Rc8 33. Qe2 Qc1+ 34. Rd1 Qf4 35. g3 Qf5 36. Kg2 Qc2 37. Rd2 Qc6+ 38. Qf3 Qe6 39. a3 h5 40. Qxh5 Rc1 41. Rd8+ Rc8 42. Rxc8+ Qxc8 43. Qf3 Qe6 44. h4 gxh4 45. gxh4 Ka8 46. h5 Qg8+ 47. Kh3 Qe6+ 48. Kh4 Qe5 49. b4 Qd4+ 50. Kh3 Qd7+ 51. Kg2 f5 52. Qf4 Qd5+ 53. Kh2 Qf7 54. h6 Qh5+ 55. Kg3 Qh1 56. Qh4 Qg1+ 57. Kf4 Qb1 1-0